| 000 | 02006 a2200229 4500 | ||
|---|---|---|---|
| 001 | 54546 | ||
| 005 | 20260407155819.0 | ||
| 008 | 260407a1994 arg spa d | ||
| 003 | AR-UNSa-BCEJYS | ||
| 040 |
_aAR-UNSa-BCEJYS _bspa _cAR-UNSa-BCEJYS |
||
| 080 |
_a330 _xEconomía en general |
||
| 245 | 1 | 0 |
_aEconomía _pElementos de micro y macroeconomía |
| 020 | _a84-481-1973-8 | ||
| 264 | 1 |
_aMadrid : _bMcGraw-Hill _c1994 |
|
| 300 |
_axxvi, 379 p. _c23 cm. |
||
| 505 | _aMódulo 1: El concepto de economía y los sistemas económicos - 1. La economía y la necesidad de elegir - 2. Los agentes económicos - 3. El concepto de sistema económico - 4. El sistema de economía de mercado - 5. Los sistemas de economía centralizada - Módulo 2: Producción y mercado - 6. La empresa y la producción - 7. Los costos de la producción - 8. La retribución de los factores productivos - 9. El mercado,los precios y la elasticidad - 10. La competencia perfecta,el monopolio y oligopolio - Módulo 3: Productos e ingreso nacional,sus componentes y su financiación - 11. El enfoque macroeconómico: el ingreso nacional y otros agregados - 12. El empleo y la distribución del ingreso nacional - 13. La intervención del Estado en la Economía: la política fiscal - 14. La financiación de la Economía: el dinero y los bancos - 15. El control de la cantidad de dinero por parte del Banco Central - Módulo 4: El comercio internacional - 16. El comercio internacional y la balanza de pagos - 17. Los regímenes de comercio: el Mercosur - 18. Los mercados de cambio - Módulo 5: Los problemas del mundo actual - 19. El crecimiento económico y el medio ambiente - 20. Desarrollo y subdesarrollo - 21. La inflación: causas y efectos - 22. Las fluctuaciones económicas y el desempleo - 23. Notas sobre la evolución reciente de la economía argentina | ||
| 041 | _aspa | ||
| 942 | _cBK | ||
| 590 | _aniveau_biblio:m niveau_hierar:0 | ||
| 100 | 1 | _aBeker, Víctor Alberto | |
| 700 | 1 | _aMochón Morcillo, Francisco | |
| 999 |
_c5626 _d5626 |
||